[Event "Liege Soultanbeieff op"]
[Site "Liege"]
[Date "2012.03.02"]
[Round "5"]
[White "Messaoudi, Mohammed"]
[Black "Houben, Gerard"]
[Result "1-0"]
[WhiteElo "1653"]
[BlackElo "1395"]
[PlyCount "61"]
[EventDate "2012.01.27"]
[EventType "swiss"]
[EventRounds "9"]
[EventCountry "BEL"]
[SourceTitle "EXT 2013"]
[Source "ChessBase"]
[SourceDate "2012.11.22"]
[SourceVersion "1"]
[SourceVersionDate "2012.11.22"]
[SourceQuality "1"]

1. e4 Nc6 2. Nf3 d6 3. d4 e6 4. c4 b6 5. Bd3 Be7 6. 0-0 Nf6 7. Nc3 0-0 8. Bg5 h6 9. Bh4 Nd7 10. Bxe7 Qxe7 11. Rc1 Nb4 12. Bb1 c5 13. d5 Bb7 14. a3 Na6 15. Qd3 e5 16. Nd1 Bc8 17. Ne3 Nf6 18. Nh4 g6 19. h3 Nh5 20. Nf3 Nf4 21. Qd1 Ne6 22. Ng4 Kh7 23. dxe6 Bxe6 24. Qd2 Bxg4 25. hxg4 Rg8 26. g5 h5 27. Rfd1 Rad8 28. Rc3 f6 29. gxf6 Qxf6 30. Ng5+ Kh8 31. Rf3 1-0